00417nam a2200145Ia 4500008004100000020001500041041001200056082001600068100001100084245009400095260004800189300000800237650001200245700001400257221030s9999 xx 000 0 und d a0195628926 aEnglish a105.23bSen aA. Sen 2aA Variety of Plasmas - Proceedings of the 1989 International Conference on Plasma Physics bIndian Academy of SciencesaBangalorec1991 a554 aPhysics aP. K. Kaw